00628 2200217 4500001002100000005001500021035002000036007000300056008004100059020002200100082001100122084001700133100001900150245011300169260003500282300002900317650001500346650000900361990002000370990002000390INLIS00000000000301220260513080405 a0010-0526000103ta260513 f 0 ind  a978-979-421-931-7 a001.42 a001.42 BUN a0 aBungin, Burhan1 aAnalisis Data Penelitian Kualitatif :bPemahaman Filosofis dan Metodologis ke Arah Penguasaan Model Aplikasi aDepok :bRajawali Press,c2022 axiv + 274 hlm. ;c21 cm. 4aKualitatif 4aData a20260515.04.002 a20250515.04.003